Nations of WW2 by when they joined - Statistics

General Stats
  • This quiz has been taken 251 times
  • The average score is 37 of 74
Answer Stats
Year Nation % Correct
1939 Germany
97%
USSR
97%
United Kingdom
96%
France
95%
Vichy France
95%
Japan
94%
Poland
93%
China
89%
Italy
89%
Australia
87%
Canada
87%
United States
87%
Norway
86%
New Zealand
82%
Belgium
81%
Finland
81%
Hungary
81%
Denmark
80%
Romania
78%
Yugoslavia
78%
Bulgaria
77%
1941 Greece
77%
Netherlands
77%
Brazil
69%
South Africa
67%
Mexico
62%
Luxembourg
60%
Egypt
58%
Argentina
56%
Turkey
55%
Iran
53%
Iraq
51%
Thailand
49%
Chile
47%
Estonia
47%
Latvia
47%
Lithuania
47%
Albania
46%
Slovakia
44%
Colombia
43%
Venezuela
43%
1945 Ecuador
41%
Peru
41%
Panama
38%
1943 Bolivia
37%
Paraguay
37%
Ethiopia
36%
Mongolia
36%
Uruguay
35%
Costa Rica
34%
Honduras
34%
Guatemala
33%
El Salvador
32%
Iceland
32%
Nicaragua
31%
Philippines
31%
Haiti
29%
Saudi Arabia
29%
Portugal
28%
San Marino
26%
Syria
24%
Croatia
21%
Dominican Republic
21%
Oman
20%
Lebanon
18%
Nepal
18%
1944 Liberia
17%
Tuva
7%
Bahrain
4%
Belgian Congo
4%
1942 Northern Rhodesia
2%
Southern Rhodesia
2%
Iroquois Confederacy
1%
Tanganyika
0%
No matching quizzes found
Score Distribution
Percent of People with Each Score
Percentile by Number Answered
Your Score History
You have not taken this quiz